Report of the Committee on Communication on the Annual Budget Estimates of the Ministry of Information for the 2024 Financial Year (Record no. 4015)
[ view plain ]
| 000 -LEADER | |
|---|---|
| fixed length control field | 00558nam a2200145Ia 4500 |
| 008 - FIXED-LENGTH DATA ELEMENTS--GENERAL INFORMATION | |
| fixed length control field | 240429s9999||||xx |||||||||||||| ||und|| |
| 041 ## - LANGUAGE CODE | |
| Language code of text/sound track or separate title | eng |
| 082 ## - DEWEY DECIMAL CLASSIFICATION NUMBER | |
| Classification number | CR/MoI/24 |
| 100 ## - MAIN ENTRY--PERSONAL NAME | |
| Personal name | Committee on Communication |
| 245 #0 - TITLE STATEMENT | |
| Title | Report of the Committee on Communication on the Annual Budget Estimates of the Ministry of Information for the 2024 Financial Year |
| 300 ## - PHYSICAL DESCRIPTION | |
| Extent | 11p.: tabs |
| 650 ## - SUBJECT ADDED ENTRY--TOPICAL TERM | |
| Topical term or geographic name entry element | Report of the Committee on Communication on the Annual Budget Estimates of the - Ministry of Information for the 2024 Financial Year |
| 942 ## - ADDED ENTRY ELEMENTS (KOHA) | |
| Koha item type | Committee Reports |
| Withdrawn status | Lost status | Damaged status | Not for loan | Home library | Current library | Shelving location | Date acquired | Total checkouts | Full call number | Date last seen | Copy number | Price effective from | Koha item type |
|---|---|---|---|---|---|---|---|---|---|---|---|---|---|
| Main Library | Main Library | Open Shelves | 09/01/2024 | CR/MoI/24 8244 C1 - CR/MoI/24 8145 C2 | 29/04/2024 | 1 | 29/04/2024 | Committee Reports |